| 000 | 00942nam a2200253 a 4500 | ||
|---|---|---|---|
| 001 | 000043762 | ||
| 003 | DO-SdBNP | ||
| 005 | 20250621074009.0 | ||
| 008 | 140423s2012 dr ac 000 0 spa d | ||
| 040 |
_aDO-SdBNP _bspa _cBNPHU |
||
| 082 | 4 |
_a320.97293 _bC352d |
|
| 100 | 1 |
_aCastillo Semán, Pelegrín _971594 |
|
| 245 | 1 | 0 |
_aTwitteando mi visión / _cPelegrín Castillo ; prólogo, Isael Pérez. |
| 260 |
_aSanto Domingo : _bSantuario, _c2012. |
||
| 300 |
_a158 p. : _bil., retrs. ; _c22 cm. |
||
| 500 | _aIncluye datos biográficos del autor en las solapas de la cubierta. | ||
| 590 | _aInventariado, 2018/ YL | ||
| 650 | 4 |
_aPolíticos _zRepública Dominicana _xPensamiento social _971595 |
|
| 651 | 0 |
_aRepública Dominicana _xPolítica y gobierno _945 |
|
| 651 | 4 |
_aRepública Dominicana _xCondiciones sociales _946 |
|
| 700 | 1 |
_aPérez, Isael, _d1961- _epról. _91414 |
|
| 910 | _aValidado. Control de calidad EMS. | ||
| 942 |
_2ddc _cLBS1 |
||
| 999 |
_c43251 _d43251 |
||